000 00279nam a22001337a 4500
008 210301b ||||| |||| 00| 0 eng d
020 _a0697076547
041 _aeng
080 _23th
_a510
100 _a37
101 _aMAT
245 _aAlgebra
_cWesner,H.T
942 _2udc
_cBK
999 _c55359
_d55359